| 000 | 00487nam a22001577a 4500 | ||
|---|---|---|---|
| 005 | 20260106090003.0 | ||
| 008 | 260106b |||||||| |||| 00| 0 eng d | ||
| 020 | _a978-0-06-285220-5 | ||
| 082 | _a813.54 | ||
| 100 | _aEric Barker | ||
| 245 |
_aBarking Up the Wrong Tree: _bthe surprising science behind why everything you know about success is (mostly) wrong |
||
| 260 |
_bHarper Collin, _c2017 |
||
| 300 |
_a307 p. _c20.5 cm |
||
| 942 | _2ddc | ||
| 999 |
_c10525 _d10526 |
||